000 00565cam a22002053a 4500
001 41816
003 PGUSA
005 20140828083937.0
008 130110s2013||||xxu|||||s|||||000 | eng d
040 _aPGUSA
_beng
042 _adc
100 1 _aHarriman, Karl Edwin
245 1 0 _aAnn Arbor Tales
_h[electronic resource] /
_cKarl Edwin Harriman
260 _bProject Gutenberg,
_c2013
506 _aPublic domain in the USA.
516 _aElectronic text
830 0 _aProject Gutenberg
_v41816
856 4 0 _uhttp://www.gutenberg.org/ebooks/41816
942 _cEB
999 _c271068
_d271068